Southville International School and Colleges
Your cart is empty.
  • Cart
  • Lists
    Public lists Eva Luna New books Lux_list list_1
    Your lists Log in to create your own lists
  • Log in to your account
  • Your cookies
  • Search history
Southville International School and Colleges
  • Advanced search
  • Recent comments
  • Most popular
  • Libraries

Log in to your account

Log in with GOOGLE


If you do not have an external account, but do have a local account, you can still log in:

  1. Home
  2. MARC view: Modern technical physics /
Normal view MARC view ISBD view

Modern technical physics / (Record no. 15214)

[ view plain ]
MARC details
000 -LEADER
fixed length control field 01072pam a2200361 a 4500
001 - CONTROL NUMBER
control field 988991
003 - CONTROL NUMBER IDENTIFIER
control field OSt
005 - DATE AND TIME OF LATEST TRANSACTION
control field 20140310182706.0
008 - FIXED-LENGTH DATA ELEMENTS--GENERAL INFORMATION
fixed length control field 860702s1987 maua 001 0 eng
010 ## - LIBRARY OF CONGRESS CONTROL NUMBER
LC control number 86017615
020 ## - INTERNATIONAL STANDARD BOOK NUMBER
International Standard Book Number 9710856413
040 ## - CATALOGING SOURCE
Original cataloging agency DLC
Transcribing agency DLC
Modifying agency DLC
050 00 - LIBRARY OF CONGRESS CALL NUMBER
Classification number QC21
Item number .B423 1992
082 00 - DEWEY DECIMAL CLASSIFICATION NUMBER
Classification number M 530
Item number B39 1992
100 1# - MAIN ENTRY--PERSONAL NAME
Personal name Beiser, Arthur.
245 10 - TITLE STATEMENT
Title Modern technical physics /
Statement of responsibility, etc Beiser, Arthur
250 ## - EDITION STATEMENT
Edition statement 6th ed.
260 ## - PUBLICATION, DISTRIBUTION, ETC. (IMPRINT)
Place of publication, distribution, etc Reading, Mass. :
Name of publisher, distributor, etc Addison-Wesley,
Date of publication, distribution, etc c1992.
300 ## - PHYSICAL DESCRIPTION
Extent xiv, 911 p. :
Other physical details ill. ;
Dimensions 23 cm.
500 ## - GENERAL NOTE
General note Includes index.
521 ## - TARGET AUDIENCE NOTE
Target audience note
526 ## - STUDY PROGRAM INFORMATION NOTE
Reading level 1210L to 1700L
541 ## - IMMEDIATE SOURCE OF ACQUISITION NOTE
-- 1
541 ## - IMMEDIATE SOURCE OF ACQUISITION NOTE
-- 2
541 ## - IMMEDIATE SOURCE OF ACQUISITION NOTE
-- 3
541 ## - IMMEDIATE SOURCE OF ACQUISITION NOTE
-- 4
541 ## - IMMEDIATE SOURCE OF ACQUISITION NOTE
-- 5
541 ## - IMMEDIATE SOURCE OF ACQUISITION NOTE
-- 6
562 ## - COPY AND VERSION IDENTIFICATION NOTE
Number of copies for circulation. 6 copies available in the collection
650 #0 - SUBJECT ADDED ENTRY--TOPICAL TERM
Topical term or geographic name as entry element Physics.
906 ## - LOCAL DATA ELEMENT F, LDF (RLIN)
a 7
b cbc
c orignew
d 1
e ocip
f 19
g y-gencatlg
942 ## - ADDED ENTRY ELEMENTS (KOHA)
Source of classification or shelving scheme Library of Congress Classification
Koha item type Books
Call number prefix
Holdings
Withdrawn status Lost status Source of classification or shelving scheme Damaged status Home library Current library Shelving location Date acquired Source of acquisition Total Checkouts Total Renewals Full call number Barcode Date last seen Date checked out Copy number Price effective from Koha item type
    Library of Congress Classification   Archives Archives   04/19/2012 Donation 1 21 QC21 .B423 1992 C4522 05/15/2018 12/10/2016 1 04/19/2012 Books
    Library of Congress Classification   Archives Archives   05/18/2013 Donation     QC21 .B423 1992 C4521 05/15/2018   4 05/18/2013 Books
    Library of Congress Classification   Archives Archives   05/18/2013 Donation     QC21 .B423 1992 C4519 05/15/2018   5 05/18/2013 Books
    Library of Congress Classification   Archives Archives   05/18/2013 Donation     QC21 .B423 1992 C4518 05/15/2018     05/18/2013 Books
    Library of Congress Classification   College Library College Library General Circulation Section 05/18/2013       QC21 .B423 1992 C4158 05/15/2018   2 05/18/2013 Books
    Library of Congress Classification   College Library College Library General Circulation Section 05/18/2013       QC21 .B423 1992 C4520 05/15/2018   3 05/18/2013 Books

Modern technical physics /

APA

Beiser A., . (1992). Modern technical physics. Reading, Mass: Addison-Wesley.

Chicago

Beiser Arthur, . 1992. Modern technical physics. Reading, Mass: Addison-Wesley.

Harvard

Beiser A., . (1992). Modern technical physics. Reading, Mass: Addison-Wesley.

MLA

Beiser Arthur, . Modern technical physics. Reading, Mass: Addison-Wesley. 1992.

  • Place hold
  • Print
  • Cite
  • Add to your cart (remove)
  • Save record
    BIBTEX Dublin Core MARCXML MARC (non-Unicode/MARC-8) MARC (Unicode/UTF-8) MARC (Unicode/UTF-8, Standard) MODS (XML) RIS
  • More searches
    Search for this title in:
    Other Libraries (WorldCat) Other Databases (Google Scholar) Online Stores (Bookfinder.com) Open Library (openlibrary.org)

Exporting to Dublin Core...

SOUTHVILLE LIBRARY

Southville International School and Colleges Library

1281 Tropical Ave. Cor. Luxembourg St., BF Homes International, Las Pinas City

Tel. No. 8256374 / 252358 Loc. 117/146

Powered by Koha